[Event "Mersin op-B 7th"]
[Site "Mersin"]
[Date "2023.11.17"]
[Round "8"]
[White "Unsal, Gorkem"]
[Black "Damya, Aydin"]
[Result "1-0"]
[WhiteElo "1812"]
[BlackElo "1725"]
[PlyCount "77"]
[EventDate "2023.11.12"]
[EventType "swiss"]
[EventRounds "9"]
[EventCountry "TUR"]
[SourceTitle "CB49_2023"]
[SourceDate "2023.12.06"]
[SourceVersion "1"]
[SourceVersionDate "2023.12.06"]
[SourceQuality "1"]

1. e4 c5 2. Nf3 g6 3. c3 Bg7 4. d4 cxd4 5. cxd4 d5 6. e5 Nh6 7. h3 0-0 8. Nc3 Bf5 9. Bb5 a6 10. Ba4 b5 11. Bb3 Be4 12. 0-0 Nf5 13. Ng5 h6 14. Ngxe4 dxe4 15. Be3 b4 16. Nxe4 Nc6 17. e6 Ncxd4 18. exf7+ Kh7 19. Nc5 Qd6 20. Rc1 Rac8 21. Ne6 Nxe6 22. Qxd6 exd6 23. Bxe6 Rxc1 24. Bxc1 Nd4 25. Bc4 d5 26. Bxd5 Ne2+ 27. Kh2 Nxc1 28. Rxc1 Bxb2 29. Rc6 Kg7 30. Rxa6 Rd8 31. Bb3 Bd4 32. f4 Bc3 33. g4 Bf6 34. Rb6 Be7 35. Kg2 Rd2+ 36. Kf3 Rd3+ 37. Ke4 Rxh3 38. f5 gxf5+ 39. gxf5 1-0

[Event "TUR-ch U07/12"]
[Site "Antalya"]
[Date "2023.01.23"]
[Round "3"]
[White "Unsal, Gorkem"]
[Black "Cabuk, Ilker"]
[Result "1-0"]
[WhiteElo "1777"]
[BlackElo "1155"]
[PlyCount "67"]
[EventDate "2023.01.17"]
[EventType "swiss"]
[EventRounds "10"]
[EventCountry "TUR"]
[SourceTitle "EXT 2024"]
[Source "ChessBase"]
[SourceDate "2023.10.10"]
[SourceVersion "1"]
[SourceVersionDate "2023.10.10"]
[SourceQuality "1"]

1. e4 c5 2. Nf3 Nc6 3. Bb5 d6 4. 0-0 Bd7 5. Re1 e5 6. c3 Nf6 7. d4 cxd4 8. cxd4 exd4 9. Nxd4 Nxd4 10. Bxd7+ Qxd7 11. Qxd4 Be7 12. Nc3 0-0 13. Bf4 Rfd8 14. Rad1 b6 15. e5 Nh5 16. exd6 Bf6 17. Be5 Bxe5 18. Rxe5 Nf6 19. h3 Re8 20. Rg5 Kh8 21. Rg3 Re6 22. a4 Rd8 23. Rgd3 Ne8 24. Ne4 f5 25. Ng5 Rg6 26. Qh4 h6 27. Nf7+ Qxf7 28. Qxd8 Kh7 29. d7 Nf6 30. Qxf6 Qxf6 31. d8Q Qc6 32. Qd5 Qxa4 33. Qxf5 Qc6 34. Rg3 1-0

[Event "EU-ch U10 30th"]
[Site "Antalya"]
[Date "2022.11.07"]
[Round "2"]
[White "Vural, Bedran Seyhmus"]
[Black "Unsal, Gorkem"]
[Result "0-1"]
[WhiteElo "1559"]
[BlackElo "1812"]
[PlyCount "218"]
[EventDate "2022.11.06"]
[EventType "swiss"]
[EventRounds "9"]
[EventCountry "TUR"]
[SourceTitle "CBM 211 Extra"]
[Source "ChessBase"]
[SourceDate "2023.01.31"]
[SourceVersion "1"]
[SourceVersionDate "2023.01.31"]
[SourceQuality "1"]

1. e4 c5 2. Nf3 d6 3. d4 cxd4 4. Nxd4 Nf6 5. Nc3 Nc6 6. Be2 e5 7. Nf3 Be7 8. 0-0 0-0 9. Be3 Ng4 10. Qd2 Nxe3 11. Qxe3 Be6 12. Rad1 Rc8 13. a3 Qc7 14. Nb5 Qb8 15. Nc3 h6 16. h3 a6 17. Qb6 Bd8 18. Qe3 b5 19. Nd5 Bxd5 20. Rxd5 Ne7 21. Rd2 Ng6 22. Rfd1 Bb6 23. Qb3 Bc5 24. c3 Qb7 25. Qc2 a5 26. g3 b4 27. axb4 axb4 28. Qd3 bxc3 29. bxc3 Ra8 30. Qc2 Ra3 31. Bc4 Qa7 32. Rb1 Rc8 33. Bb3 Rb8 34. Re2 Rb6 35. Nd2 Ra1 36. Kg2 Rxb1 37. Qxb1 Qa6 38. Qd1 Rb8 39. Bc4 Qa5 40. Qc2 Qd8 41. Nf3 Qc7 42. Qd3 Rc8 43. Nd2 Qe7 44. Nf3 Kh8 45. Qd5 Rc7 46. Rb2 Ba7 47. Rb4 Nf8 48. Ra4 Kh7 49. Qd3 Ne6 50. Bxe6 fxe6 51. Ra6 Bc5 52. Nd2 Qf8 53. Nf3 Rb7 54. Ra2 Qf6 55. Qc4 Rf7 56. Qd3 Qg6 57. Ra1 Rb7 58. Ra2 Qf6 59. Qe2 Re7 60. Qd3 Qf8 61. Ra1 Rf7 62. Ra2 Qb8 63. Qc4 Qf8 64. Qd3 Rf6 65. Rb2 Qa8 66. Qc4 Qa7 67. Qb5 Qa1 68. Qb3 Qa7 69. Ra2 Qf7 70. c4 Qg6 71. Qd3 Rf4 72. Re2 Rf8 73. Ra2 Rb8 74. Qc2 Qf6 75. Rb2 Ra8 76. Ra2 Rc8 77. Qd3 Qe7 78. Qb3 Qc7 79. Rc2 Qc6 80. Qd3 Ra8 81. Nd2 Ra3 82. Rc3 Ra1 83. Nf3 Ra2 84. Rc2 Ra3 85. Qe2 Qa4 86. Nh4 Qa8 87. Qg4 Qe8 88. Rb2 Qf7 89. Qf3 Rxf3 90. Nxf3 Qa7 91. h4 Qa8 92. Re2 Qa4 93. Nd2 Qd1 94. Kf3 Bb4 95. Ke3 Bxd2+ 96. Rxd2 Qc1 97. Kd3 Kg6 98. g4 Qh1 99. h5+ Kg5 100. Ke3 Kxg4 101. Rxd6 Qe1+ 102. Kd3 Qd1+ 103. Kc3 Qxd6 104. Kb3 Kf3 105. Kc3 Kxe4 106. Kb3 Kd3 107. Ka2 Kc3 108. Ka1 Qa3+ 109. Kb1 Qb2# 0-1

[Event "Wch U10"]
[Site "Batumi"]
[Date "2022.09.27"]
[Round "11"]
[White "Unsal, Gorkem"]
[Black "Smirnov, Mark1111"]
[Result "0-1"]
[WhiteElo "1697"]
[BlackElo "1985"]
[PlyCount "116"]
[EventDate "2022.09.16"]
[EventType "swiss"]
[EventRounds "11"]
[EventCountry "GEO"]
[SourceTitle "EXT 2023"]
[Source "ChessBase"]
[SourceDate "2022.10.05"]
[SourceVersion "1"]
[SourceVersionDate "2022.10.05"]
[SourceQuality "1"]

1. e4 c5 2. Nf3 Nc6 3. Bb5 g6 4. 0-0 Bg7 5. c3 Nf6 6. Re1 0-0 7. d4 d5 8. e5 Ne4 9. Bxc6 bxc6 10. Be3 cxd4 11. cxd4 f6 12. h3 g5 13. Qc1 Bd7 14. Nbd2 h6 15. e6 Bxe6 16. Qxc6 Qb6 17. Qxb6 axb6 18. Nf1 Rfc8 19. Bd2 Kf7 20. Bc3 Nxc3 21. bxc3 Rxc3 22. Rab1 Ra6 23. Rb2 Rca3 24. Rbe2 b5 25. Rb2 Bd7 26. Ne3 e6 27. Ree2 Bf8 28. h4 Bd6 29. h5 Rc3 30. g3 e5 31. Kg2 e4 32. Ne1 Ke6 33. g4 Be8 34. N1c2 Ra4 35. Nf5 Bf8 36. Nce3 b4 37. Rec2 Raa3 38. Rd2 Bb5 39. Nd1 Rd3 40. Nde3 Bc4 41. Rdc2 Rac3 42. Kh2 Kd7 43. Kg2 Kc6 44. Rxc3 Rxc3 45. Ng3 Kb5 46. Ne2 Rd3 47. Nf5 Ka4 48. Nc1 Rd1 49. Nb3 Ka3 50. Rc2 Rd3 51. Na5 Rc3 52. Nxc4+ dxc4 53. Rd2 b3 54. axb3 cxb3 55. Ne3 b2 56. Nd1 b1Q 57. Nxc3 Qe1 58. f3 Qxd2+ 0-1

[Event "Wch U10"]
[Site "Batumi"]
[Date "2022.09.21"]
[Round "6"]
[White "Liu, Zachary Hankun"]
[Black "Unsal, Gorkem"]
[Result "0-1"]
[WhiteElo "1845"]
[BlackElo "1697"]
[PlyCount "120"]
[EventDate "2022.09.16"]
[EventType "swiss"]
[EventRounds "11"]
[EventCountry "GEO"]
[SourceTitle "EXT 2023"]
[Source "ChessBase"]
[SourceDate "2022.10.05"]
[SourceVersion "1"]
[SourceVersionDate "2022.10.05"]
[SourceQuality "1"]

1. e4 c5 2. Nf3 Nc6 3. d4 cxd4 4. Nxd4 g6 5. Nc3 Bg7 6. Be3 Nf6 7. Bc4 Qa5 8. 0-0 0-0 9. a3 d6 10. h3 Bd7 11. Be2 Nxd4 12. Bxd4 Bc6 13. Qd3 Qc7 14. Rad1 Rfd8 15. Nd5 Bxd5 16. exd5 Nxd5 17. Qf3 Bxd4 18. Rxd4 Nf6 19. c4 Qb6 20. Rd2 Rac8 21. Kh1 Qc6 22. Qe3 Ne4 23. Rd4 Nc5 24. Rh4 Ne6 25. Bg4 Qxc4 26. Re1 Nf8 27. Qf3 e5 28. Qf6 Rb8 29. Rd1 Qf4 30. Qe7 Re8 31. Qc7 Qxf2 32. Rh6 Kg7 33. Qc1 Qf4 34. Qxf4 exf4 35. Rh4 Rbd8 36. Bf3 Ne6 37. b4 d5 38. g3 g5 39. Rh5 Kg6 40. h4 fxg3 41. Rd2 h6 42. hxg5 Nxg5 43. Bd1 Re1+ 44. Kg2 Rxd1 45. Rxg5+ hxg5 46. Rxd1 d4 47. Rd3 f5 48. Kxg3 Kf6 49. Kf3 Ke5 50. a4 a6 51. b5 axb5 52. axb5 Rd5 53. Rb3 d3 54. Rb1 d2 55. Rd1 b6 56. Ke3 g4 57. Ke2 f4 58. Kf2 Ke4 59. Ke2 g3 60. Kf1 Ke5 0-1

[Event "Wch U10"]
[Site "Batumi"]
[Date "2022.09.19"]
[Round "4"]
[White "Mendes, Aaron Reeve"]
[Black "Unsal, Gorkem"]
[Result "1/2-1/2"]
[WhiteElo "1990"]
[BlackElo "1697"]
[PlyCount "189"]
[EventDate "2022.09.16"]
[EventType "swiss"]
[EventRounds "11"]
[EventCountry "GEO"]
[SourceTitle "EXT 2023"]
[Source "ChessBase"]
[SourceDate "2022.10.05"]
[SourceVersion "1"]
[SourceVersionDate "2022.10.05"]
[SourceQuality "1"]

1. e4 c5 2. Nf3 Nc6 3. Bb5 g6 4. 0-0 Bg7 5. Re1 Nf6 6. c3 0-0 7. d4 d5 8. e5 Ne4 9. Nbd2 Bf5 10. Nh4 cxd4 11. Nxf5 gxf5 12. Bxc6 bxc6 13. cxd4 c5 14. Nb3 c4 15. Nd2 Qb6 16. Nb1 f6 17. e6 f4 18. Nc3 Qxe6 19. Bxf4 Qf5 20. Qf3 Nxc3 21. bxc3 Qd7 22. Qg3 Kh8 23. Re3 Rf7 24. Rae1 Rg8 25. Qh3 Qxh3 26. Rxh3 Rd8 27. Rhe3 Rd7 28. Rb1 h6 29. Bg3 Kh7 30. h4 h5 31. Re2 Kg6 32. f3 Kf5 33. Rbe1 Bh6 34. Bh2 Rg7 35. Rb1 e6 36. Rbe1 Rge7 37. Rf1 Kg6 38. g4 Rb7 39. Bd6 Re8 40. Rfe1 Kf7 41. Rg2 Rg8 42. Bb4 Bf4 43. gxh5 Rxg2+ 44. Kxg2 Rb8 45. Rh1 Rg8+ 46. Kf2 e5 47. Rb1 Rb8 48. Rb2 Bc1 49. Rb1 Ba3 50. Rd1 Bxb4 51. cxb4 Rxb4 52. dxe5 c3 53. Rxd5 Rc4 54. Rd1 c2 55. Rc1 Rxh4 56. exf6 Rxh5 57. Ke3 Kxf6 58. Rxc2 Ra5 59. Kf4 Ra4+ 60. Kg3 Ra3 61. Kg4 Ra4+ 62. f4 Kg6 63. Rd2 Kf6 64. Rc2 Kg6 65. Rc6+ Kf7 66. Kg5 Rxa2 67. Rc7+ Kf8 68. f5 Ra6 69. Rb7 Kg8 70. Kf4 Ra5 71. Re7 Kf8 72. Rc7 Kg8 73. Kg4 Kf8 74. Kg5 Ra6 75. Rc1 Kf7 76. Rc5 Kg7 77. Rc7+ Kf8 78. Rb7 Kg8 79. Re7 Kf8 80. Rh7 Kg8 81. Rd7 Kf8 82. Rc7 Kg8 83. Re7 Kf8 84. Rd7 Kg8 85. f6 Ra1 86. Kg6 Rg1+ 87. Kh5 a5 88. Ra7 a4 89. Rxa4 Kf7 90. Ra6 Rg2 91. Rb6 Rg1 92. Rb4 Kxf6 93. Rf4+ Ke5 94. Rg4 Rxg4 95. Kxg4 1/2-1/2

[Event "TUR Cup"]
[Site "Adapazari"]
[Date "2022.03.26"]
[Round "2"]
[White "Unsal, Gorkem"]
[Black "Korkmaz, Necmettin"]
[Result "1/2-1/2"]
[WhiteElo "1728"]
[BlackElo "2050"]
[PlyCount "191"]
[EventDate "2022.03.25"]
[EventType "swiss"]
[EventRounds "11"]
[EventCountry "TUR"]
[SourceTitle "EXT 2023"]
[Source "ChessBase"]
[SourceDate "2022.10.05"]
[SourceVersion "1"]
[SourceVersionDate "2022.10.05"]
[SourceQuality "1"]

1. e4 e6 2. d4 d5 3. e5 c5 4. c3 Ne7 5. Nf3 Nec6 6. Na3 Be7 7. Bd3 b6 8. 0-0 Ba6 9. Nc2 Bxd3 10. Qxd3 c4 11. Qe2 0-0 12. Nd2 b5 13. f4 Nd7 14. Ne3 Qb6 15. Kh1 Rae8 16. Nf3 f6 17. Bd2 Nd8 18. Rf2 Nf7 19. Ng4 f5 20. Ne3 Nh6 21. h3 Kh8 22. Rg1 Qd8 23. b3 Rg8 24. Nf1 Nf7 25. g4 g6 26. Rh2 Nf8 27. Rhg2 Nd7 28. Ne3 Nb6 29. b4 Ref8 30. Rh2 Qd7 31. h4 fxg4 32. Nxg4 Qd8 33. Ng5 Nxg5 34. hxg5 Rg7 35. Nf6 Rff7 36. Qg4 Qc8 37. Rg3 Bxf6 38. exf6 Rg8 39. Re3 Qa6 40. Qxe6 Qb7 41. f5 gxf5 42. Qxf5 Qd7 43. Qe5 Qg4 44. Reh3 Qd1+ 45. Be1 Nd7 46. Qe3 Nf8 47. Qd2 Qb1 48. Re2 Qf5 49. Qe3 Rxg5 50. Rf3 Qg4 51. Rg3 Qh5+ 52. Rh2 Rxg3 53. Qxg3 Qf5 54. Rg2 Ng6 55. Bd2 Qxf6 56. Bg5 Qf5 57. Kh2 Qe4 58. Qb8+ Kg7 59. Qg3 Qf5 60. Qe3 h5 61. Qg3 Kh7 62. Qe3 Qf3 63. Qe6 Qf5 64. Qe3 a6 65. Qg3 Qf3 66. Qd6 h4 67. Qe6 Qf5 68. Qe3 Nf4 69. Bxf4 Qxf4+ 70. Qxf4 Rxf4 71. Rg5 Rf2+ 72. Kh3 Rxa2 73. Rxd5 Ra3 74. Kxh4 Rxc3 75. Rd6 Rd3 76. Kg5 c3 77. Rc6 Rxd4 78. Rxc3 Rxb4 79. Kf6 Rc4 80. Rd3 Rc6+ 81. Ke5 Rg6 82. Kd5 Kg7 83. Kc5 Kf7 84. Rd7+ Ke6 85. Rd6+ Kf5 86. Rd5+ Ke4 87. Rd4+ Ke3 88. Rd7 Rg4 89. Rd6 Ra4 90. Rd7 Ke2 91. Rd6 Ra3 92. Kb4 Ra4+ 93. Kc5 Rc4+ 94. Kb6 b4 95. Ka5 Re4 96. Rb6 1/2-1/2